Personnalités francophones en S - Statistiques

Statistiques générales
  • Ce quiz a été pris 28 074 fois
    27 130 depuis la dernière actualisation
  • Le résultat moyen est 10 sur 16
Statistiques - réponses
Par images Hint Réponse % Correct
Chanteur Stromae
99%
Politicien Nicolas Sarkozy
97%
Acteur Omar Sy
97%
Youtubeur Squeezie
90%
Humoriste Elie Semoun
83%
Journaliste Léa Salamé
74%
Chanteur Michel Sardou
73%
Chanteuse Shy'm
68%
Rappeur Joey Starr
67%
Chanteuse Hélène Ségara
54%
Actrice Léa Seydoux
48%
Chanteuse Natasha St Pier
47%
Ecrivain Jean-Paul Sartre
46%
Chanteuse Véronique Sanson
38%
Tennisman Gilles Simon
28%
Ecrivaine Françoise Sagan
18%
Aucun quiz correspondant
Distribution des résultats
% des personnes avec chaque résultat
Percentile par nombre de réponses
Votre historique - résultats
Vous n’avez pas pris ce quiz depuis la dernière actualisation